Bartın İl Testi - Statistics

General Stats
  • This quiz has been taken 21 times
  • The average score is 9 of 15
Answer Stats
Question Answer % Correct
Bartın hangi bölgede yer almaktadır? Karadeniz Bölgesi
100%
Aşağıdaki turistik yerlerden hangisi Bartın'da yer almaktadır? Amasra
95%
Aşağıdaki illerden hangisi Bartın'ın bir komşusudur? Zonguldak
81%
Bartın'da yapılan geleneksel tatlı hangisidir? Kabak Burması
71%
Bartın'da turizmin gelişmesinde en önemli faktör nedir? Kıyı ve Koylar
67%
Bartın'ın turistik açıdan ünlü adası aşağıdakilerden hangisidir? Tavşan Adası
67%
Bartın'ın plaka kodu kaçtır? 74
62%
Aşağıdakilerden hangisi Bartın'ın bir ilçesidir? Ulus
62%
Bartın'da geleneksel olarak yapılan el işi aşağıdakilerden hangisidir? Ahşap Tekne Yapımı
57%
Bartın ne zaman il olmuştur? 1991
52%
Bartın'ın kaç ilçesi vardır? 4
52%
Bartın'ın ekonomik açıdan en önemli geçim kaynağı hangisidir? Balıkçılık ve Orman Ürünleri
52%
Bartın'ın ünlü çorbası hangisidir? Pumpum Çorbası
43%
Bartın'ın nüfusu kaçtır? (2024) 200.000-300.000
19%
Bartın'da en yaygın çıkarılan maden aşağıdakilerden hangisidir? Kireç Taşı
5%
No matching quizzes found
Score Distribution
Percent of People with Each Score
Percentile by Number Answered
Your Score History
You have not taken this quiz